Tectonic Plates Map Quiz - Statistics

General Stats
  • This quiz has been taken 81,853 times
  • The average score is 12 of 15
Answers on the Map
Answers color-coded by a green-red scale on the quiz's map according to % correct below.
 
Answer Stats
Answer % Correct
African
96%
Antarctic
96%
Australian
95%
Eurasian
95%
Arabian
94%
Indian
94%
North American
90%
Pacific
90%
South American
90%
Filipino
89%
Caribbean
88%
Nazca
54%
Cocos
43%
Scotia
43%
Juan de Fuca
38%
No matching quizzes found
Score Distribution
Percent of People with Each Score
Percentile by Number Answered
Your Score History
You have not taken this quiz